Construction sector confidence slips (Record no. 118276)

MARC details
000 -LEADER
fixed length control field 01056cam a2200205 4500
001 - CONTROL NUMBER
control field WB@3612-52
008 - FIXED-LENGTH DATA ELEMENTS--GENERAL INFORMATION
fixed length control field 041104n2004 000 0 eng u
035 ## - SYSTEM CONTROL NUMBER
System control number (Sirsi) u127907
245 ## - TITLE STATEMENT
Title Construction sector confidence slips
260 ## - PUBLICATION, DISTRIBUTION, ETC.
Date of publication, distribution, etc. 2004
490 ## - SERIES STATEMENT
Series statement CIPS News Release
Volume/sequential designation November 2004 (1)
520 ## - SUMMARY, ETC.
Summary, etc. Optimism in the booming UK construction sector dipped to the lowest level in three years last month as activity levels showed signs of cooling. Despite the moderation in growth, the Chartered Institute of Purchasing and Supply said its monthly measure of expansion in the sector remained well above the no-change mark of 50, recording 55 in October 2004. That compared to 56.8 in September 2004. Higher workloads were recorded in the three areas of construction activity - housing, commercial and civil engineering. http://www.cips.org/
590 ## - LOCAL NOTE (RLIN)
Local note WB
590 ## - LOCAL NOTE (RLIN)
Local note WB
650 ## - SUBJECT ADDED ENTRY--TOPICAL TERM
Topical term or geographic name entry element CONSTRUCTION SECTOR
650 ## - SUBJECT ADDED ENTRY--TOPICAL TERM
Topical term or geographic name entry element NEW ORDERS
650 ## - SUBJECT ADDED ENTRY--TOPICAL TERM
Topical term or geographic name entry element CONSTRUCTION EMPLOYMENT
690 ## - LOCAL SUBJECT ADDED ENTRY--TOPICAL TERM (OCLC, RLIN)
Topical term or geographic name as entry element BUILDING AND CONSTRUCTION-ECONOMICS
942 ## - ADDED ENTRY ELEMENTS (KOHA)
Suppress in OPAC 0
Holdings
Withdrawn status Lost status Source of classification or shelving scheme Damaged status Not for loan Home library Current library Shelving location Date acquired Total Checkouts Full call number Barcode Date last seen Copy number Price effective from Koha item type
    Dewey Decimal Classification     London London News article 04/11/2004   WB4042-01 127907-1001 06/08/2019 1 06/08/2019 News article